000 02267nam a22003017a 4500
003 PE SENCICO BE
005 20260317170038.0
008 230130b |||||||| |||| 00| 0 eng d
020 _a978-612-304-164-9
040 _aPE SENCICO BE
_cPE SENCICO BE
041 _aspa
082 _a550
_bR77
100 1 _9535
_aRojas Caballero, David
_eautor
245 1 _aCompendio de geología general /
_cDavid R. Rojas Caballero, Jorge Paredes Ángeles
250 _a1a ed.
260 _aLima:
_bMacro,
_c2013
300 _a360 p. :
_bil. col., diagrs. ;
_c25 cm.
504 _aBibliografía: [359] p.
505 0 _a1. Tópicos generales. -- 2. Magmatismo. -- 3. Meteorización o intemperismo. -- 4. Metamorfismo y rocas metamórficas. -- 5. Deformación de la corteza terrestre. -- 6. Formación de montañas y evolución continental. -- 7. Movimientos sísmicos. -- 8. Tiempo geológico y significado de los fósiles. -- 9. Movimiento del terreno superficial. -- 10. Acción geológica de las aguas superficiales. -- 11. Aguas subterráneas. -- 12. Acción geológica del mar. -- 13. Acción geológico del viento. -- 14. Glaciación. -- 15. Recursos naturales.
520 3 _aLa presente publicación tiene como objetivo brindar a los estudiantes una base sólida de conocimientos que los haga capaces de analizar y comprender la naturaleza de los sucesos geológicos más importantes. Se desarrollan conceptos fundamentales de la geología la cual evoluciona constantemente y va adquiriendo mayor importancia, en la aplicación de soluciones sobre problemas relativos al uso de los suelos, preservación del medio ambiente y ecología, uso racional y conservación de recursos naturales, prevención y defensa de desastres por fenómenos naturales; entre otros. Asimismo, se ha perfeccionado herramientas de búsqueda y prospección de depósitos de minerales, petróleo y gas mediante la aplicación de conocimientos de otras disciplinas y metodologías de investigación.
650 1 4 _9536
_aGeología
650 2 4 _9537
_aMagmatismo
650 2 4 _9538
_aRecursos naturales
650 2 4 _9539
_aGeofísica
650 2 4 _9540
_aAguas subterráneas
700 1 _9541
_aParedes Ángeles, Jorge
_eautor
942 _2ddc
_cLIB
_h550
_iR77
999 _c3800
_d3800